000 00867nmm a2200265 a 4500
003 AR-BaBNM
005 20251128210432.0
008 100020s1997 ||||||||||||||000 | spa||
020 _a950-808-108-2
040 _cAR-BaBNM
245 1 0 _aDerechos humanos y ciencias sociales
_bproblemáticas a fin de siglo
260 _aRosario
_bHomo Sapiens Ediciones
_bCentro de Estudios e Investigaciones en Derechos Humanos Facultad de Derecho - U.N.R.
_c1997
300 0 _a182 p.
504 _aCada trabajo contiene bibliografía al final de cada uno
650 4 _aSOCIOLOGIA
650 4 _aDERECHOS HUMANOS
650 4 _aDERECHOS Y PRIVILEGIOS
650 4 _aDISCRIMINACION RACIAL
650 4 _aRACISMO
650 4 _aMEDIO AMBIENTE
650 4 _aCONSERVACION DEL MEDIO AMBIENTE
700 1 _aGardella, Juan Carlos
_ecompilador
942 _cBK
998 _cMariana
999 _c15477
_d15477